| 000 | 00636nam a22002057a 4500 | ||
|---|---|---|---|
| 999 |
_c2748 _d2748 |
||
| 003 | AR-CdUCM | ||
| 008 | 190305b ||||| |||| 00| 0 spa d | ||
| 040 |
_aMUNICIPALIDAD PROVINCIAL DEL CUSCO _cBIBLIOTECA MUNICIPAL DEL CUSCO |
||
| 082 |
_a868.39 / _bSE38 |
||
| 100 |
_aSender, Ramón José _99596 |
||
| 245 | _aLa llave y otras narraciones / | ||
| 260 |
_aMadrid : _bEdit. Magisterio Español, _c1967. |
||
| 300 |
_a225 páginas ; _c18 cm. |
||
| 440 |
_aSerie Literatura Española _99597 |
||
| 650 |
_aNovelas españolas _9584 |
||
| 650 |
_aCuentos españoles _9762 |
||
| 650 |
_aSiglo XX _98 |
||
| 942 |
_2ddc _cLIBROS |
||
| 945 | _admma | ||